Los chisperos / (Record no. 152024)

MARC details
000 -LEADER
campo de control de longitud fija 00744nam a22002175i 4500
001 - NÚMERO DE CONTROL
campo de control 152024
003 - IDENTIFICADOR DE NÚMERO DE CONTROL
campo de control ES-MaACL
005 - FECHA Y HORA DE LA ÚLTIMA TRANSACCIÓN
campo de control 20230906204511.0
008 - DATOS DE LONGITUD FIJA--INFORMACIÓN GENERAL
campo de control de longitud fija 051010s1858 sp | |||||||| ||spa d
040 ## - FUENTE DE CATALOGACIÓN
Centro catalogador/agencia de origen CAM
Lengua de catalogación spa
Centro/agencia transcriptor CAM
080 ## - NÚMERO DE LA CLASIFICACIÓN DECIMAL UNIVERSAL
Número de la Clasificación Decimal Universal 821.133.1-31"18"
100 1# - ENTRADA PRINCIPAL--NOMBRE DE PERSONA
Nombre de persona Berthet, Elie.
9 (RLIN) 28448
245 14 - MENCIÓN DEL TÍTULO
Título Los chisperos /
Mención de responsabilidad, etc. novela original de Elías Berthet ; traducida por José de Granda.
260 ## - PUBLICACIÓN, DISTRIBUCIÓN, ETC.
Lugar de publicación, distribución, etc. Madrid :
Nombre del editor, distribuidor, etc. [s.n.],
Fecha de publicación, distribución, etc. 1858 (
Fabricante Imprenta de José de Granda)
300 ## - DESCRIPCIÓN FÍSICA
Extensión 432 p. ;
Dimensiones 17 cm.
490 1# - MENCIÓN DE SERIE
Mención de serie Folletín de El Clamor Público
700 0# - ENTRADA AGREGADA--NOMBRE PERSONAL
Nombre de persona Granda, José de.
9 (RLIN) 59573
830 0# - PUNTO DE ACCESO ADICIONAL DE SERIE-TÍTULO UNIFORME
Título uniforme Folletín de El Clamor Público
9 (RLIN) 221289
852 ## - LOCALIZACIÓN
Ubicación ES-MaACL
Número de control de estantería D-1634
Nota libre -- Enc. hol.
-- -- Legado de M. de la Fuente
Holdings
Estatus retirado Estado de pérdida Estado de daño No para préstamo Colección Biblioteca de origen Biblioteca actual Ubicación en estantería Fecha de adquisición Fuente de adquisición Total de préstamos Signatura topográfica completa Código de barras Visto por última vez Precio de reemplazo Tipo de ítem Koha
        Libros del s. XIX Biblioteca del Ateneo de Madrid Biblioteca del Ateneo de Madrid Sala Valle Inclán 17/01/2008     D-1634 901158684 23/02/2023 23/02/2023 Libro impreso antiguo